Világjáró és elsőfilmes. Tompa Gábor válaszol Kacsir Mária kérdéseire
Elmentve itt :
| Szerző: | |
|---|---|
| Adatforrás: | Meister |
| Forrásdokumentuma: | A Hét. - 11 sz., 1999, 3-4 p. |
| Nyelv: | magyar |
| Kulcsszavak: | színháztörténet-interjú TOMPA Gábor |
| LEADER | 00409nab a2200133 i 4500 | ||
|---|---|---|---|
| 001 | bibPRO00007015 | ||
| 008 | 060524s1999 xx hun | ||
| 040 | |a Sz1 | ||
| 041 | |a hun | ||
| 100 | 1 | |a KACSIR Mária | |
| 245 | 1 | 0 | |a Világjáró és elsőfilmes. Tompa Gábor válaszol Kacsir Mária kérdéseire |c KACSIR Mária |
| 695 | |a színháztörténet-interjú | ||
| 695 | |a TOMPA Gábor | ||
| 773 | 0 | |t A Hét. - |g 11 sz., 1999, 3-4 p. | |